Prevention of prematurity and the care of premature infants : report of the sub-committee on the (Record no. 418664)

000 -LEADER
fixed length control field 00468cam a22001097a 4500
008 - FIXED-LENGTH DATA ELEMENTS--GENERAL INFORMATION
fixed length control field 180718b1961 xxu||||| |||| 00| 0 eng d
082 ## - DEWEY DECIMAL CLASSIFICATION NUMBER
Classification number Q6x42 Un3p
245 ## - TITLE STATEMENT
Title Prevention of prematurity and the care of premature infants : report of the sub-committee on the
Statement of responsibility, etc. by Ministry of Health, Central Health Services Council, London
260 ## - PUBLICATION, DISTRIBUTION, ETC.
Place of publication, distribution, etc. London
Name of publisher, distributor, etc. Her Majesty's Stationery Office
Date of publication, distribution, etc. 1961
300 ## - PHYSICAL DESCRIPTION
Extent 7p.
700 ## - ADDED ENTRY--PERSONAL NAME
Personal name U.K. Central Health Services Council. Ministry of Health
Holdings
Withdrawn status Lost status Damaged status Not for loan Permanent Location Current Location Date acquired Full call number Barcode Date last seen Price effective from Koha item type
        Indian Institute of Public Administration Indian Institute of Public Administration 2009-06-24 Q6x42 Un3p 28148 2018-07-21 2018-07-21 Book

Powered by Koha